01040cam a22002771 4500001001300000003000400013005001700017008004100034010001700075035002000092040002300112042001200135050001800147110007100165245012300236250002400359260014100383300003000524500001400554504003100568600003600599700003600635700003200671700004200703999001700745sa 67007082 DLC20260227112412.0890620s1965 ii c b 000 0 hino  asa 67007082  a(OCoLC)19902495 aDLCcWaUdNRUdDLC apremarc00aPK2097.G8bZ62 aBābū Bālamukunda Gupta Śatavārshikī Samāroha Samiti.00aBala Mukunda Gupta,beka mūlyāṇkana.cSampādaka Kalyāṇamala Loṛhā [aura] Vishṇukānta Śāstrī. a[1. saṃskaraṇa] aKalakattā,bBābū Bālamukunda Gupta Śatavārshikī Samāroha Samiti; [eka mātra vitaraka: Amitābha Prakāśana,c1965] a214, 46 p.bport.c22 cm. aIn Hindi. aBibliographical footnotes.10aGupta, Bālmukund,d1865-1907.1 aGupta, Bālmukund,c1865-1907.1 aLoṛhā, Kalyāṇamala.1 aŚāstrī, Vishṇukānta,d1929- c76346d76346